| 000 | 00472cam a22001337a 4500 | ||
|---|---|---|---|
| 008 | 180718b1957 xxu||||| |||| 00| 0 eng d | ||
| 082 | _aZ47x5461 Su59 | ||
| 100 | _aSultan, M. | ||
| 245 |
_aSurvey of rural employment: in two villages in the Delhi states in 1955-56 _cby M. Sultan |
||
| 260 |
_aNew Delhi _bJamia Institute of Agricultural Economics and Rural Sociology _c1957 |
||
| 300 | _a46p | ||
| 650 | _aRural Planning | ||
| 650 | _aEmployment, Rural-Developing Countries | ||
| 999 |
_c427302 _d427302 |
||